Statistics for 5 Biggest Cities : Saudi Arabia

Click here to take the quiz!

General Stats

  • This quiz has been taken 193 times
  • The average score is 4 of 5

Answer Stats

RankCity% Correct
1.Riyadh
99%
2.Jeddah
92%
3.Mecca
92%
4.Medina
74%
5.Sultanah
4%

Score Distribution

Percentile by Number Answered

Percent of People with Each Score

Your Score History

You have not taken this quiz